El mildiu del girasol en españa: situación actual /
Guardado en:
| Autor Principal: | |
|---|---|
| Formato: | Libro |
| Publicado: |
España :
Inia,
1980
|
| Series: | Comunicaciones, 11
|
| Materias: | |
| Etiquetas: |
Agregar Etiqueta
Sin Etiquetas, Sea el primero en etiquetar este registro!
|
| LEADER | 00600nam a22002055a 4500 | ||
|---|---|---|---|
| 001 | CEM.cems003479 | ||
| 005 | 19000101000000.0 | ||
| 008 | 130507s1980##################000#0#####d | ||
| 003 | CEMS | ||
| 082 | 0 | 4 | |a 632.40946 |
| 100 | 1 | |a Jiménez Díaz, R. M. | |
| 245 | 1 | 0 | |a El mildiu del girasol en españa: situación actual / |c R. M. Jiménez Díaz |
| 260 | |a España : |b Inia, |c 1980 | ||
| 300 | |a 26 p. | ||
| 490 | 0 | |a Comunicaciones, 11 | |
| 653 | |a Agricultura | ||
| 653 | |a España | ||
| 653 | |a Plagas agricolas | ||
| 859 | |a CEMS |b BIB. CEMS - 11 de abril |h 632.40946 |i J564 |p 10336.81 |t Ej.1 | ||
| 859 | |a CEMS |b BIB. CEMS | ||
